El sermón de la montaña de las grandes religiones / (Record no. 176952)

MARC details
000 -LEADER
campo de control de longitud fija 00789nam a22002175i 4500
001 - NÚMERO DE CONTROL
campo de control 176952
003 - IDENTIFICADOR DE NÚMERO DE CONTROL
campo de control ES-MaACL
005 - FECHA Y HORA DE LA ÚLTIMA TRANSACCIÓN
campo de control 20250801034209.0
008 - DATOS DE LONGITUD FIJA--INFORMACIÓN GENERAL
campo de control de longitud fija 110221s2010 sp o |||| | spa d
020 ## - NÚMERO INTERNACIONAL ESTÁNDAR DEL LIBRO
Número Internacional Estándar del Libro 978-84-614-4204-1
080 ## - NÚMERO DE LA CLASIFICACIÓN DECIMAL UNIVERSAL
Número de la Clasificación Decimal Universal 27
100 1# - ENTRADA PRINCIPAL--NOMBRE DE PERSONA
Nombre de persona Navarro Zamorano, Salvador.
9 (RLIN) 85196
245 13 - MENCIÓN DEL TÍTULO
Título El sermón de la montaña de las grandes religiones /
Mención de responsabilidad, etc. autor, Salvador Navarro Zamorano ; diseño de portada, Isabel Navarro Reynés.
260 ## - PUBLICACIÓN, DISTRIBUCIÓN, ETC.
Lugar de publicación, distribución, etc. Bunyola (Mallorca) :
Nombre del editor, distribuidor, etc. Salvador Navarro Zamorano,
Fecha de publicación, distribución, etc. D. L. 2010.
300 ## - DESCRIPCIÓN FÍSICA
Extensión 119 p. :
Otras características físicas 1 fot. del autor ;
Dimensiones 21 cm.
630 04 - PUNTO DE ACCESO ADICIONAL DE MATERIA--TÍTULO UNIFORME
Título uniforme Sermón de la montaña-
Subdivisión general Meditaciones.
9 (RLIN) 145290
650 07 - PUNTO DE ACCESO ADICIONAL DE MATERIA--TÉRMINO DE MATERIA
Término de materia o nombre geográfico como elemento de entrada Cristianismo
Fuente del encabezamiento o término embne
9 (RLIN) 11425
700 1# - ENTRADA AGREGADA--NOMBRE PERSONAL
Nombre de persona Navarro Reynés, Isabel.
9 (RLIN) 143821
852 ## - LOCALIZACIÓN
Ubicación ES-MaACL
Número de control de estantería E-14375
Holdings
Estatus retirado Estado de pérdida Estado de daño No para préstamo Biblioteca de origen Biblioteca actual Ubicación en estantería Fecha de adquisición Fuente de adquisición Total de préstamos Signatura topográfica completa Código de barras Visto por última vez Precio de reemplazo Tipo de ítem Koha
        Biblioteca del Ateneo de Madrid Biblioteca del Ateneo de Madrid Depósito 2 21/02/2011     E-14375 1185853 23/02/2023 23/02/2023 Libro impreso